[Event "Skakligaen 2022-23"]
[Site "Denmark"]
[Date "2022.12.04"]
[Round "4.2"]
[White "Rozentalis, Eduardas"]
[Black "Liu, Casper Yukun"]
[Result "1/2-1/2"]
[WhiteElo "2500"]
[BlackElo "2317"]
[PlyCount "87"]
[EventDate "2022.10.29"]
[EventType "team-tourn"]
[EventRounds "9"]
[EventCountry "DEN"]
[SourceTitle "Live"]
[WhiteTeam "Koge"]
[BlackTeam "BMS"]

1. e4 e5 2. Nf3 Nc6 3. Bb5 a6 4. Bxc6 dxc6 5. Nc3 f6 6. d4 exd4 7. Nxd4 c5 8.
Nde2 Qxd1+ 9. Nxd1 Be6 10. Bf4 O-O-O 11. Ne3 Ne7 12. Rd1 Rxd1+ 13. Kxd1 Ng6 14.
Bg3 h5 15. h3 h4 16. Bh2 Ne5 17. Kc1 Bd6 18. Nf4 Bf7 19. Nf5 Bf8 20. Nd5 c6 21.
Nc3 g6 22. Ne3 Bd6 23. Ng4 Be6 24. Nxf6 Rf8 25. f4 Nc4 26. e5 Be7 27. Nce4 Ne3
28. Re1 Nd5 29. a3 Nxf6 30. exf6 Bxf6 31. Nd6+ Kd7 32. Nxb7 Bxb2+ 33. Kxb2 Rb8
34. c4 Rxb7+ 35. Kc3 Bf5 36. g4 hxg3 37. Bxg3 Rb1 38. Rxb1 Bxb1 39. Bf2 Kd6 40.
h4 Bf5 41. Be1 Bg4 42. Kd3 Bf5+ 43. Ke3 Be6 44. Kd3 1/2-1/2

[Event "Skakligaen 2022-23"]
[Site "Denmark"]
[Date "2022.12.04"]
[Round "4.3"]
[White "Kistrup, Nicolai"]
[Black "Danielsen, Henrik"]
[Result "0-1"]
[WhiteElo "2274"]
[BlackElo "2496"]
[PlyCount "58"]
[EventDate "2022.10.29"]
[EventType "team-tourn"]
[EventRounds "9"]
[EventCountry "DEN"]
[SourceTitle "Live"]
[WhiteTeam "BMS"]
[BlackTeam "Koge"]

1. d4 Nf6 2. c4 e6 3. Nf3 b6 4. g3 Ba6 5. Qc2 c6 6. Bg2 d5 7. Nbd2 Be7 8. O-O
Nbd7 9. b3 O-O 10. Rd1 Rc8 11. e4 c5 12. exd5 exd5 13. Nf1 cxd4 14. Nxd4 Bc5
15. Ne3 dxc4 16. Nc6 Qe8 17. b4 Bxe3 18. Bxe3 Bb7 19. Nxa7 Bxg2 20. Kxg2 Ne5
21. Qf5 Ra8 22. Bxb6 Nfd7 23. Bd4 Rxa7 24. Bxa7 Qa8+ 25. f3 Qxa7 26. Qe4 Nd3
27. Qxc4 Qf2+ 28. Kh3 N7e5 29. Qe4 Nxf3 0-1

[Event "Skakligaen 2022-23"]
[Site "Denmark"]
[Date "2022.12.04"]
[Round "4.4"]
[White "Chatalbashev, Boris"]
[Black "Jacobsen, Mikkel Manosri"]
[Result "1/2-1/2"]
[WhiteElo "2488"]
[BlackElo "2267"]
[PlyCount "142"]
[EventDate "2022.10.29"]
[EventType "team-tourn"]
[EventRounds "9"]
[EventCountry "DEN"]
[SourceTitle "Live"]
[WhiteTeam "Koge"]
[BlackTeam "BMS"]

1. d4 d5 2. c4 e6 3. Nc3 a6 4. cxd5 exd5 5. Nf3 h6 6. Bf4 Nf6 7. e3 Bd6 8. Be5
c6 9. Bd3 O-O 10. Qc2 Re8 11. O-O Bxe5 12. Nxe5 c5 13. Rad1 c4 14. Be2 b5 15.
e4 dxe4 16. Nxe4 Bb7 17. Nc5 Bd5 18. f4 Nc6 19. Bf3 Bxf3 20. gxf3 Qd5 21. Ne4
Nxd4 22. Nxf6+ gxf6 23. Ng4 Nxc2 24. Nxf6+ Kf8 25. Nxd5 Ne3 26. Nxe3 Rxe3 27.
Rd6 Re6 28. Rfd1 Rae8 29. Kf2 Re2+ 30. Kg3 Rxb2 31. Rxa6 Ree2 32. f5 Rxa2 33.
Rb6 Rad2 34. Rxd2 Rxd2 35. Rxb5 c3 36. Rc5 c2 37. h4 Ke7 38. Kf4 Kd6 39. Rc8
Kd5 40. Ke3 Rh2 41. Rc7 h5 42. Rc8 Ke5 43. Rc5+ Kf6 44. Kf4 Rxh4+ 45. Kg3 Ra4
46. Rxc2 h4+ 47. Kh3 Kxf5 48. Rc5+ Kg6 49. Rc8 f5 50. Rh8 Kg5 51. Rh7 Ra1 52.
Kg2 Ra2+ 53. Kh3 Ra4 54. Rh8 Rd4 55. Rh7 Rd1 56. Kg2 Rd2+ 57. Kf1 Kf4 58. Rxh4+
Kg3 59. Ra4 f4 60. Ra8 Rf2+ 61. Kg1 Re2 62. Kf1 Kxf3 63. Ra3+ Re3 64. Ra2 Rb3
65. Rf2+ Kg3 66. Rg2+ Kf3 67. Rf2+ Kg4 68. Rg2+ Kf5 69. Ra2 Ke4 70. Kf2 Kf5 71.
Ra8 Kg4 1/2-1/2

[Event "Skakligaen 2022-23"]
[Site "Denmark"]
[Date "2022.12.04"]
[Round "4.5"]
[White "Brorsen, Jacob Abildlund"]
[Black "Smith, Axel"]
[Result "1/2-1/2"]
[WhiteElo "2201"]
[BlackElo "2402"]
[PlyCount "81"]
[EventDate "2022.10.29"]
[EventType "team-tourn"]
[EventRounds "9"]
[EventCountry "DEN"]
[SourceTitle "Live"]
[WhiteTeam "BMS"]
[BlackTeam "Koge"]

1. d4 Nf6 2. c4 a6 3. Nc3 c5 4. d5 b5 5. cxb5 axb5 6. Nxb5 e6 7. Nc3 exd5 8.
Nxd5 Bb7 9. Nxf6+ Qxf6 10. Qb3 Bc6 11. Nf3 Na6 12. Bg5 Qe6 13. Qxe6+ fxe6 14.
Bd2 Nb4 15. Bxb4 cxb4 16. e3 Bd5 17. Bd3 Be7 18. O-O O-O 19. Ne5 Rfd8 20. Nc4
Bf6 21. Rfd1 Bxc4 22. Bxc4 Bxb2 23. Rab1 Bc3 24. Rd6 Kf8 25. Rbd1 Ke7 26. f4
Rac8 27. Bb5 Rc7 28. Ba4 Bb2 29. Kf2 Ba3 30. Bb3 Ra8 31. Kf3 Raa7 32. h4 Rc3
33. g4 Bc1 34. R1d3 Rac7 35. Ke2 Rxd3 36. Rxd3 Bb2 37. Rd2 Bc1 38. Rc2 Rxc2+
39. Bxc2 h6 40. Bh7 Kf7 41. Bc2 1/2-1/2

[Event "Skakligaen 2022-23"]
[Site "Denmark"]
[Date "2022.12.04"]
[Round "4.6"]
[White "Ahlander, Bjorn"]
[Black "Seegert, Kristian"]
[Result "1-0"]
[WhiteElo "2406"]
[BlackElo "2211"]
[PlyCount "54"]
[EventDate "2022.10.29"]
[EventType "team-tourn"]
[EventRounds "9"]
[EventCountry "DEN"]
[SourceTitle "Live"]
[WhiteTeam "Koge"]
[BlackTeam "BMS"]

1. d4 f5 2. g3 Nf6 3. Bg2 g6 4. Nf3 Bg7 5. b3 c5 6. e3 O-O 7. O-O Ne4 8. Bb2
Nc6 9. c4 e6 10. Qe2 b6 11. dxc5 bxc5 12. Bxg7 Kxg7 13. Nbd2 d5 14. cxd5 exd5
15. Rfc1 Qf6 16. a3 a5 17. Qd3 Ba6 18. Qc2 Rac8 19. Rab1 Rfe8 20. Ne1 Ne5 21.
h3 Bb7 22. Qb2 d4 23. exd4 cxd4 24. Rxc8 Rxc8 25. Nxe4 fxe4 26. Qxd4 Rd8 27.
Qe3 Qf5 1-0

[Event "Skakligaen 2022-23"]
[Site "Denmark"]
[Date "2022.12.04"]
[Round "4.7"]
[White "Vesterli, Michael E"]
[Black "Pedersen, Henrik Dahl"]
[Result "1-0"]
[WhiteElo "2184"]
[BlackElo "2233"]
[PlyCount "55"]
[EventDate "2022.10.29"]
[EventType "team-tourn"]
[EventRounds "9"]
[EventCountry "DEN"]
[SourceTitle "Live"]
[WhiteTeam "BMS"]
[BlackTeam "Koge"]

1. d4 Nf6 2. c4 e6 3. Nf3 b6 4. g3 Bb7 5. Bg2 Be7 6. O-O O-O 7. Nc3 Ne4 8. Qc2
Nxc3 9. Qxc3 c5 10. Be3 Bf6 11. Qd3 Qc8 12. dxc5 bxc5 13. Qd6 Nc6 14. Qxc5 Bxb2
15. Rab1 Bf6 16. Bf4 Be7 17. Qb5 Ba6 18. Qa4 d6 19. Nd2 Nd4 20. Rfe1 d5 21.
Rbc1 Qb7 22. cxd5 Nxe2+ 23. Rxe2 Bxe2 24. d6 Qb2 25. Rb1 Qf6 26. dxe7 Qxe7 27.
Bxa8 Rxa8 28. Qe4 1-0

[Event "Skakligaen 2022-23"]
[Site "Denmark"]
[Date "2022.12.04"]
[Round "4.8"]
[White "Meskenas, Paulius"]
[Black "Akdag, Dara Sevkan"]
[Result "1-0"]
[WhiteElo "2038"]
[BlackElo "2172"]
[PlyCount "105"]
[EventDate "2022.10.29"]
[EventType "team-tourn"]
[EventRounds "9"]
[EventCountry "DEN"]
[SourceTitle "Live"]
[WhiteTeam "Koge"]
[BlackTeam "BMS"]

1. e4 c5 2. Nf3 d6 3. c3 Nf6 4. Bd3 e5 5. Bc2 Be7 6. d4 O-O 7. dxe5 dxe5 8.
Nxe5 Qxd1+ 9. Kxd1 Bd6 10. Nc4 Bc7 11. a4 Nc6 12. f3 b6 13. Nba3 Nh5 14. Nb5
Bb8 15. Ke1 Be6 16. Nba3 Bc7 17. Kf2 a6 18. Be3 Rab8 19. g3 Nf6 20. Rhb1 Nd7
21. Bd1 f5 22. exf5 Bxf5 23. Rc1 b5 24. axb5 axb5 25. Nd2 Nde5 26. Be2 c4 27.
b3 Bd3 28. f4 Na5 29. bxc4 bxc4 30. Ke1 Nb3 31. fxe5 Nxa1 32. Rxa1 Bxe5 33. Rc1
Ra8 34. Naxc4 Bxe2 35. Kxe2 Bf6 36. Nd6 Be7 37. N6e4 Ra2 38. Bd4 Re8 39. Kd3
Rd8 40. Rb1 Rd7 41. Rb8+ Kf7 42. Nf3 Ra5 43. Ke3 Bf6 44. Nxf6 gxf6 45. Kf4 Rad5
46. Nh4 R5d6 47. Nf5 Rc6 48. Rh8 Ke6 49. Rf8 Rf7 50. Ng7+ Ke7 51. Rxf7+ Kxf7
52. Nh5 Kg6 53. Nxf6 1-0

[Event "Skakligaen 2022-23"]
[Site "Denmark"]
[Date "2022.12.04"]
[Round "4.1"]
[White "Hansen, Sune Berg"]
[Black "Hector, Jonny"]
[Result "0-1"]
[WhiteElo "2525"]
[BlackElo "2454"]
[PlyCount "86"]
[EventDate "2022.10.29"]
[EventType "team-tourn"]
[EventRounds "9"]
[EventCountry "DEN"]
[SourceTitle "Holdskaksystemet"]
[WhiteTeam "Hillerod"]
[BlackTeam "Nordkalotten"]

1. d4 d5 2. Nf3 Nf6 3. c4 c6 4. Qb3 dxc4 5. Qxc4 Bg4 6. Nbd2 Nbd7 7. g3 Qc7 8.
Bg2 e5 9. dxe5 Nxe5 10. Nxe5 Qxe5 11. Bxc6+ bxc6 12. Qxc6+ Ke7 13. Qb7+ Ke6 14.
f3 Rb8 15. Qc6+ Qd6 16. Qc4+ Qd5 17. fxg4 Bb4 18. O-O Bc5+ 19. Rf2 Qxc4 20.
Nxc4 Nxg4 21. e3 Nxf2 22. Kxf2 Rhd8 23. Ke2 Rd5 24. Bd2 Bb4 25. Bxb4 Rxb4 26.
b3 Rh5 27. h4 h6 28. Kf3 Rd5 29. Ke2 Rb8 30. Rc1 Rbd8 31. Rc2 Rc8 32. Rb2 g5
33. hxg5 Rxg5 34. Kf3 Rcg8 35. Rg2 h5 36. e4 f5 37. exf5+ Rxf5+ 38. Ke2 Rfg5
39. Kf3 Kd5 40. Ne3+ Kd4 41. Kf4 Kd3 42. Nf1 Rg4+ 43. Ke5 Re8+ 0-1

[Event "Skakligaen 2022-23"]
[Site "Denmark"]
[Date "2022.12.04"]
[Round "4.2"]
[White "Jogstad, Martin"]
[Black "Schandorff, Lars"]
[Result "1/2-1/2"]
[WhiteElo "2373"]
[BlackElo "2476"]
[PlyCount "40"]
[EventDate "2022.10.29"]
[EventType "team-tourn"]
[EventRounds "9"]
[EventCountry "DEN"]
[SourceTitle "Holdskaksystemet"]
[WhiteTeam "Nordkalotten"]
[BlackTeam "Hillerod"]

1. d4 Nf6 2. c4 e6 3. Nc3 Bb4 4. a3 Bxc3+ 5. bxc3 c5 6. f3 Nc6 7. e4 b6 8. Bg5
d6 9. Ne2 e5 10. d5 Na5 11. Nc1 Bd7 12. a4 h6 13. Bh4 Qc7 14. Ra2 Nh7 15. Bd3
O-O 16. g4 f6 17. Bg3 Rfb8 18. h4 Qc8 19. Nb3 Nxb3 20. Qxb3 Rb7 1/2-1/2

[Event "Skakligaen 2022-23"]
[Site "Denmark"]
[Date "2022.12.04"]
[Round "4.3"]
[White "Percivaldi, Martin"]
[Black "Sylvan, Jacob"]
[Result "1-0"]
[WhiteElo "2400"]
[BlackElo "2310"]
[PlyCount "119"]
[EventDate "2022.10.29"]
[EventType "team-tourn"]
[EventRounds "9"]
[EventCountry "DEN"]
[SourceTitle "Holdskaksystemet"]
[WhiteTeam "Hillerod"]
[BlackTeam "Nordkalotten"]

1. e4 c5 2. Nf3 e6 3. d4 cxd4 4. Nxd4 Nc6 5. Nc3 Qc7 6. g3 a6 7. Bg2 Nf6 8. O-O
Nxd4 9. Qxd4 Bc5 10. Qd3 d6 11. Bf4 h6 12. Na4 e5 13. Bd2 Be6 14. Nxc5 dxc5 15.
a4 O-O 16. Bc3 c4 17. Qe2 Nd7 18. f4 f6 19. f5 Bf7 20. a5 Rfd8 21. g4 Nb8 22.
h4 Qc5+ 23. Kh1 Nc6 24. g5 hxg5 25. hxg5 fxg5 26. Bd2 Kh7 27. Bxg5 Rh8 28. Qe3
Qxe3 29. Bxe3 Rad8 30. c3 Rd3 31. Rfe1 Kg8+ 32. Kg1 Rh4 33. Kf2 Rd7 34. Kg3 Rh8
35. Red1 Rxd1 36. Rxd1 Nxa5 37. Bb6 Nc6 38. Rd7 Rh6 39. Be3 Be8 40. Rxb7 Rd6
41. Bf1 Bf7 42. Be2 Na5 43. Re7 Nc6 44. Rc7 Rf6 45. Bc5 Na5 46. Ba3 Nc6 47. Kg4
Rh6 48. Kg5 Rh2 49. Bg4 Rh6 50. Bd1 Rh1 51. Ba4 Rg1+ 52. Kh4 Na5 53. Kh3 Nb3
54. Rc8+ Kh7 55. Rf8 Bh5 56. Rd8 Nc1 57. Bc5 Re1 58. Kh4 Bf3 59. Be8 Rh1+ 60.
Kg5 1-0

[Event "Skakligaen 2022-23"]
[Site "Denmark"]
[Date "2022.12.04"]
[Round "4.4"]
[White "Hove, Esben Kjems"]
[Black "Borge, Nikolaj"]
[Result "0-1"]
[WhiteElo "2305"]
[BlackElo "2388"]
[PlyCount "112"]
[EventDate "2022.10.29"]
[EventType "team-tourn"]
[EventRounds "9"]
[EventCountry "DEN"]
[SourceTitle "Holdskaksystemet"]
[WhiteTeam "Nordkalotten"]
[BlackTeam "Hillerod"]

1. d4 d5 2. Nf3 Nf6 3. Bf4 e6 4. e3 c5 5. c3 Nc6 6. Nbd2 Qb6 7. Qb3 c4 8. Qc2
Nh5 9. Bg3 Nxg3 10. hxg3 Bd7 11. e4 O-O-O 12. Be2 Be7 13. b3 cxb3 14. axb3 h5
15. b4 a6 16. exd5 exd5 17. Nb3 Kb8 18. Nc5 Bc8 19. Na4 Qc7 20. b5 axb5 21.
Bxb5 h4 22. gxh4 Bxh4 23. Bxc6 Qxc6 24. Nxh4 Rde8+ 25. Kf1 g5 26. Qd2 gxh4 27.
Nb6 Kc7 28. Nxc8 Kxc8 29. Ra8+ Kd7 30. Rxe8 Kxe8 31. Rh3 Kf8 32. Qg5 Qg6 33.
Qxg6 fxg6 34. f4 Kg7 35. Ke2 Kf6 36. Kf3 Kf5 37. g3 Rc8 38. g4+ Kf6 39. Ke2
Re8+ 40. Kf3 g5 41. Rh1 Rc8 42. Rc1 b5 43. fxg5+ Kxg5 44. Rb1 Rxc3+ 45. Kf2
Rc2+ 46. Kf3 Rc3+ 47. Kf2 Kf4 48. g5 Rg3 49. Rxb5 Rxg5 50. Rb8 Ke4 51. Ra8 Rh5
52. Ra4 h3 53. Kg1 h2+ 54. Kh1 Ke3 55. Rb4 Kd3 56. Ra4 Kc3 0-1

[Event "Skakligaen 2022-23"]
[Site "Denmark"]
[Date "2022.12.04"]
[Round "4.5"]
[White "Ostergaard, Jens"]
[Black "Schmidt, Kristen"]
[Result "0-1"]
[WhiteElo "2253"]
[BlackElo "2273"]
[PlyCount "100"]
[EventDate "2022.10.29"]
[EventType "team-tourn"]
[EventRounds "9"]
[EventCountry "DEN"]
[SourceTitle "Holdskaksystemet"]
[WhiteTeam "Hillerod"]
[BlackTeam "Nordkalotten"]

1. d4 g6 2. c4 Bg7 3. e4 d6 4. Nc3 Nf6 5. Nf3 O-O 6. Be2 e5 7. O-O exd4 8. Nxd4
Re8 9. f3 Nc6 10. Be3 Nh5 11. Nxc6 bxc6 12. g4 Nf6 13. Qd2 Be6 14. Rad1 Qb8 15.
Na4 Nd7 16. b3 c5 17. f4 Nf6 18. e5 Nxg4 19. Bf3 Qd8 20. Bxa8 Qxa8 21. Bf2 Nxf2
22. Qxf2 Bh3 23. Rfe1 Qc8 24. Qg3 Qf5 25. Rd3 Bg4 26. Rd5 Qc8 27. Nc3 Be6 28.
Rdd1 dxe5 29. fxe5 Kh8 30. Nd5 c6 31. Nf6 Rd8 32. Qh4 h6 33. Ne4 Rd4 34. Rxd4
cxd4 35. Nd6 Qa6 36. Qd8+ Kh7 37. Ne8 Qxa2 38. Nf6+ Bxf6 39. Qxf6 Qxb3 40. Qf4
Qxc4 41. Ra1 Qc3 42. Rxa7 Qe1+ 43. Kg2 Bd5+ 44. Kh3 Qc3+ 45. Qg3 Qc2 46. Re7
Be6+ 47. Rxe6 Qf5+ 48. Kg2 Qxe6 49. Qf4 c5 50. Qe4 Qd7 0-1

[Event "Skakligaen 2022-23"]
[Site "Denmark"]
[Date "2022.12.04"]
[Round "4.6"]
[White "Kristensen, Kaare Hove"]
[Black "Jaksland, Tim"]
[Result "1/2-1/2"]
[WhiteElo "2267"]
[BlackElo "2100"]
[PlyCount "25"]
[EventDate "2022.10.29"]
[EventType "team-tourn"]
[EventRounds "9"]
[EventCountry "DEN"]
[SourceTitle "Holdskaksystemet"]
[WhiteTeam "Nordkalotten"]
[BlackTeam "Hillerod"]

1. Nf3 d5 2. d4 Nf6 3. g3 e6 4. Bg2 b5 5. O-O Bb7 6. a4 b4 7. Bg5 Nbd7 8. Nbd2
Be7 9. a5 Rc8 10. a6 Ba8 11. Bxf6 Bxf6 12. Re1 c5 13. c3 1/2-1/2

[Event "Skakligaen 2022-23"]
[Site "Denmark"]
[Date "2022.12.04"]
[Round "4.7"]
[White "Pedersen, Jan Nordenbaek"]
[Black "Jakobsen, Peter"]
[Result "0-1"]
[WhiteElo "2132"]
[BlackElo "2175"]
[PlyCount "74"]
[EventDate "2022.10.29"]
[EventType "team-tourn"]
[EventRounds "9"]
[EventCountry "DEN"]
[SourceTitle "Holdskaksystemet"]
[WhiteTeam "Hillerod"]
[BlackTeam "Nordkalotten"]

1. e4 c5 2. Nf3 d6 3. d4 cxd4 4. Nxd4 Nf6 5. Nc3 e6 6. Be3 a6 7. f3 b5 8. Qd2
Nbd7 9. g4 h6 10. a3 Bb7 11. O-O-O Rc8 12. h4 d5 13. g5 hxg5 14. exd5 Nxd5 15.
Nxd5 Bxd5 16. Bxg5 Qc7 17. Bf4 Bd6 18. Bxd6 Qxd6 19. Kb1 Ne5 20. h5 Qc7 21. Rh3
Bc4 22. f4 Bxf1 23. Rxf1 Nc4 24. Qe2 Qc5 25. Nb3 Qf5 26. Rh2 Rd8 27. Ka2 Rd5
28. c3 Rxh5 29. Nd4 Rxh2 30. Qxh2 Qh5 31. Qg3 Qh6 32. f5 e5 33. Re1 Kf8 34. Qf3
Qd6 35. Ne6+ Ke7 36. Nc7 Rd2 37. f6+ gxf6 0-1

[Event "Skakligaen 2022-23"]
[Site "Denmark"]
[Date "2022.12.04"]
[Round "4.8"]
[White "Ejsing, Esben"]
[Black "Laursen, Christopher Hofman"]
[Result "1/2-1/2"]
[WhiteElo "2116"]
[BlackElo "2239"]
[PlyCount "61"]
[EventDate "2022.10.29"]
[EventType "team-tourn"]
[EventRounds "9"]
[EventCountry "DEN"]
[SourceTitle "Holdskaksystemet"]
[WhiteTeam "Nordkalotten"]
[BlackTeam "Hillerod"]

1. d4 Nf6 2. Nf3 d5 3. c4 e6 4. g3 c5 5. Bg2 Nc6 6. O-O dxc4 7. Na3 cxd4 8.
Nxc4 Be7 9. Qb3 O-O 10. Rd1 Nd7 11. Bf4 Nc5 12. Qc2 f6 13. b4 e5 14. bxc5 exf4
15. Nb2 fxg3 16. Qc4+ Kh8 17. hxg3 Qa5 18. Nd3 Bf5 19. Rdc1 Rad8 20. Rab1 Rd7
21. Nh4 Bxd3 22. exd3 Ne5 23. Qe6 Rc7 24. Be4 Qd2 25. Kg2 g5 26. Nf5 Ng4 27.
Rf1 Bxc5 28. Rbc1 Nxf2 29. Rxf2 Qxc1 30. Nh6 Re7 31. Qd5 1/2-1/2

[Event "Skakligaen 2022-23"]
[Site "Denmark"]
[Date "2022.12.04"]
[Round "4.1"]
[White "Nielsen, Viktor Haarmark"]
[Black "Hillarp Persson, Tiger"]
[Result "1-0"]
[WhiteElo "2384"]
[BlackElo "2511"]
[PlyCount "157"]
[EventDate "2022.10.29"]
[EventType "team-tourn"]
[EventRounds "9"]
[EventCountry "DEN"]
[SourceTitle "Holdskaksystemet"]
[WhiteTeam "Obro"]
[BlackTeam "Bronshoj"]

1. d4 g6 2. c4 Bg7 3. Nf3 d6 4. Nc3 e5 5. e4 Nc6 6. d5 Nd4 7. Be3 Bg4 8. Nb5
Bxf3 9. gxf3 c5 10. dxc6 bxc6 11. Nxd4 exd4 12. Bxd4 Qa5+ 13. Ke2 Nf6 14. Bc3
Qc7 15. Bg2 O-O 16. Kf1 Nh5 17. Bxg7 Kxg7 18. Qd4+ Kg8 19. h4 Qe7 20. Re1 Qe5
21. Rd1 Rfd8 22. Kg1 Nf4 23. Qxe5 dxe5 24. Kh2 Kf8 25. Rhe1 a5 26. Bf1 c5 27.
Kg1 Ke7 28. Rxd8 Rxd8 29. Re3 Rd1 30. Ra3 h5 31. Rxa5 g5 32. Rxc5 Kd6 33. Rc8
Kd7 34. Rc5 gxh4 35. Rxe5 h3 36. Rf5 Ne2+ 37. Kh2 Rxf1 38. Kxh3 Ke6 39. a4 Rh1+
40. Kg2 Rb1 41. Rb5 h4 42. a5 Nf4+ 43. Kh2 Rf1 44. a6 Rxf2+ 45. Kg1 Rg2+ 46.
Kf1 h3 47. a7 Rg8 48. Rb8 h2 49. Rxg8 h1=Q+ 50. Kf2 Qh4+ 51. Kf1 Qh1+ 52. Kf2
Nh3+ 53. Ke2 Qh2+ 54. Kd1 Nf2+ 55. Kc2 Nxe4+ 56. Kb1 Nd2+ 57. Ka2 Qh1 58. a8=Q
Qb1+ 59. Ka3 Qa1+ 60. Kb4 Qxb2+ 61. Kc5 Nb3+ 62. Kc6 Nd4+ 63. Kc7 Qh2+ 64. Kc8
Kf6 65. Qd5 Ne6 66. Qc6 Qa2 67. Re8 Qa7 68. c5 Kf5 69. Rxe6 fxe6 70. Qc7 Qa8+
71. Kd7 Qxf3 72. c6 Qc3 73. Qb6 Qd2+ 74. Kc8 e5 75. c7 e4 76. Kb8 Qh2 77. Kb7
Qh7 78. Qc5+ Kg4 79. Ka8 1-0

[Event "Skakligaen 2022-23"]
[Site "Denmark"]
[Date "2022.12.04"]
[Round "4.2"]
[White "Aagaard, Jacob"]
[Black "Nunez, Ruben Domingo"]
[Result "1-0"]
[WhiteElo "2455"]
[BlackElo "2383"]
[PlyCount "115"]
[EventDate "2022.10.29"]
[EventType "team-tourn"]
[EventRounds "9"]
[EventCountry "DEN"]
[SourceTitle "Holdskaksystemet"]
[WhiteTeam "Bronshoj"]
[BlackTeam "Obro"]

1. e4 c6 2. d4 d5 3. exd5 cxd5 4. Bd3 Nc6 5. c3 Nf6 6. Bf4 Bg4 7. Qb3 Qd7 8.
Nd2 e6 9. h3 Bh5 10. Ngf3 Bxf3 11. Nxf3 Bd6 12. Bxd6 Qxd6 13. O-O O-O 14. Rae1
Nd7 15. Qc2 g6 16. Qd2 Kg7 17. Re3 a6 18. Rfe1 Rae8 19. g3 Re7 20. h4 Rfe8 21.
h5 e5 22. dxe5 Ndxe5 23. Nxe5 Rxe5 24. h6+ Kf8 25. Rxe5 Rxe5 26. Rd1 Qf6 27.
Bf1 g5 28. Bg2 Qxh6 29. Bxd5 Qd6 30. c4 h5 31. Qc2 Qf6 32. Qc3 h4 33. Rd3 Qe7
34. Bxc6 bxc6 35. Re3 f6 36. Rxe5 fxe5 37. Qf3+ Kg7 38. gxh4 gxh4 39. Qxc6 e4
40. Qd5 Kh6 41. Qd2+ Kh5 42. Qe2+ Kg5 43. Qe3+ Kh5 44. c5 Qe6 45. Qe2+ Kg5 46.
b4 Qg6 47. Kh2 Qf5 48. Qe3+ Kh5 49. c6 Qe5+ 50. Kg2 Kg4 51. Qe2+ Kg5 52. Qd2+
Kg6 53. Qd7 Qf4 54. c7 h3+ 55. Qxh3 Qxc7 56. Qg3+ Qxg3+ 57. fxg3 Kf5 58. Kf2
1-0

[Event "Skakligaen 2022-23"]
[Site "Denmark"]
[Date "2022.12.04"]
[Round "4.3"]
[White "Hansen, Mads Smith"]
[Black "Vasli, Aref"]
[Result "1-0"]
[WhiteElo "2375"]
[BlackElo "2374"]
[PlyCount "68"]
[EventDate "2022.10.29"]
[EventType "team-tourn"]
[EventRounds "9"]
[EventCountry "DEN"]
[SourceTitle "Holdskaksystemet"]
[WhiteTeam "Obro"]
[BlackTeam "Bronshoj"]

1. Nf3 Nf6 2. c4 g6 3. Nc3 Bg7 4. e4 d6 5. d4 O-O 6. Be2 c5 7. O-O Bg4 8. d5 e6
9. dxe6 Bxe6 10. Ng5 Nc6 11. f4 Bc8 12. Kh1 Re8 13. Bd3 Bg4 14. Qd2 h6 15. Nf3
Nd4 16. Qf2 a6 17. Bd2 b5 18. Rae1 Rb8 19. Bc1 Bd7 20. f5 g5 21. Nxg5 hxg5 22.
Bxg5 b4 23. Nd5 Nxe4 24. Rxe4 Qxg5 25. f6 Rxe4 26. fxg7 Re7 27. Qf4 Qxf4 28.
Nxe7+ Kxg7 29. Rxf4 Re8 30. Nd5 Bf5 31. Bf1 Re1 32. Kg1 Bd3 33. b3 Ne2+ 34. Kf2
Rxf1+ 1-0

[Event "Skakligaen 2022-23"]
[Site "Denmark"]
[Date "2022.12.04"]
[Round "4.4"]
[White "Hoi, Carsten"]
[Black "Christensen, Stefan"]
[Result "1/2-1/2"]
[WhiteElo "2344"]
[BlackElo "2293"]
[PlyCount "53"]
[EventDate "2022.10.29"]
[EventType "team-tourn"]
[EventRounds "9"]
[EventCountry "DEN"]
[SourceTitle "Holdskaksystemet"]
[WhiteTeam "Bronshoj"]
[BlackTeam "Obro"]

1. d4 Nf6 2. Nf3 e6 3. e3 c5 4. Bd3 b6 5. O-O Bb7 6. c4 Be7 7. Nc3 cxd4 8. exd4
d6 9. d5 e5 10. Ng5 O-O 11. f4 Nbd7 12. fxe5 dxe5 13. Qe2 g6 14. Bd2 Ne8 15.
Qg4 Ndf6 16. Qh3 Qc8 17. Qh6 Qg4 18. Be2 Qd4+ 19. Kh1 Qxd2 20. Rxf6 Qxg5 21.
Qxg5 Bxf6 22. Qg3 Nd6 23. Rf1 Bg7 24. Qg5 Nf5 25. Rxf5 gxf5 26. Qxf5 Bc8 27.
Qh5 1/2-1/2

[Event "Skakligaen 2022-23"]
[Site "Denmark"]
[Date "2022.12.04"]
[Round "4.5"]
[White "Rasmussen, Casper Dahl"]
[Black "Bromann, Thorbjorn"]
[Result "0-1"]
[WhiteElo "2289"]
[BlackElo "2374"]
[PlyCount "67"]
[EventDate "2022.10.29"]
[EventType "team-tourn"]
[EventRounds "9"]
[EventCountry "DEN"]
[SourceTitle "Holdskaksystemet"]
[WhiteTeam "Obro"]
[BlackTeam "Bronshoj"]

1. Nf3 g6 2. g3 Bg7 3. d4 d6 4. Bg2 Nc6 5. d5 Na5 6. Nd4 Bd7 7. O-O c5 8. dxc6
Nxc6 9. c3 Qb6 10. Nb3 Nf6 11. e4 O-O 12. Be3 Qc7 13. h3 Ne5 14. Na3 Nc4 15.
Nxc4 Qxc4 16. Re1 a5 17. e5 dxe5 18. Nc5 Bc6 19. b3 Qxc3 20. Rc1 Qb4 21. Rc4
Rad8 22. Qb1 Qb5 23. a4 Qb6 24. Ne6 Rd4 25. Bxd4 exd4 26. Nxf8 Bxg2 27. Kxg2
Kxf8 28. Rc8+ Ne8 29. Qd3 e5 30. f4 f6 31. fxe5 fxe5 32. Qc4 Ke7 33. Rxe8+ Kxe8
34. Qg8+ 0-1

[Event "Skakligaen 2022-23"]
[Site "Denmark"]
[Date "2022.12.04"]
[Round "4.6"]
[White "Palm, Nikolaj"]
[Black "Larsen, Karsten"]
[Result "1/2-1/2"]
[WhiteElo "2308"]
[BlackElo "2241"]
[PlyCount "42"]
[EventDate "2022.10.29"]
[EventType "team-tourn"]
[EventRounds "9"]
[EventCountry "DEN"]
[SourceTitle "Holdskaksystemet"]
[WhiteTeam "Bronshoj"]
[BlackTeam "Obro"]

1. d4 d5 2. c4 e6 3. Nc3 Nf6 4. Nf3 Bb4 5. e3 O-O 6. Qc2 Nc6 7. a3 Bd6 8. c5
Be7 9. b4 e5 10. dxe5 Ng4 11. Bb2 a5 12. b5 Ncxe5 13. Nxe5 Nxe5 14. Rd1 Bxc5
15. Nxd5 Bd6 16. Be2 Qg5 17. O-O Bh3 18. Nf4 Bf5 19. Qc3 Qh6 20. Nh5 f6 21. h3
b6 1/2-1/2

[Event "Skakligaen 2022-23"]
[Site "Denmark"]
[Date "2022.12.04"]
[Round "4.8"]
[White "Kryger, Oksana"]
[Black "Hallundbaek, Aksel Wetke"]
[Result "0-1"]
[WhiteElo "2107"]
[BlackElo "2093"]
[PlyCount "62"]
[EventDate "2022.10.29"]
[EventType "team-tourn"]
[EventRounds "9"]
[EventCountry "DEN"]
[SourceTitle "Holdskaksystemet"]
[WhiteTeam "Bronshoj"]
[BlackTeam "Obro"]

1. d4 d5 2. c4 c6 3. Nf3 Nf6 4. Nc3 e6 5. e3 Nbd7 6. b3 Bb4 7. Bd2 Qe7 8. Qc2
O-O 9. Be2 e5 10. cxd5 cxd5 11. O-O e4 12. Ne1 a6 13. f3 Re8 14. fxe4 dxe4 15.
g3 Nf8 16. Ng2 Bh3 17. Rxf6 Bxc3 18. Rxf7 Qxf7 19. Bxc3 Ng6 20. Rd1 Kh8 21. Qb2
Rac8 22. d5 Rf8 23. Nf4 Nxf4 24. exf4 Rfd8 25. Be5 Rxd5 26. Rxd5 Qxd5 27. Bxg7+
Kg8 28. Bd4 e3 29. Bc4 Rxc4 30. bxc4 Qf3 31. Bxe3 Qf1# 0-1

[Event "Skakligaen 2022-23"]
[Site "Denmark"]
[Date "2022.12.04"]
[Round "4.1"]
[White "Pedersen, Jan"]
[Black "Petersen, Tom Petri"]
[Result "1/2-1/2"]
[WhiteElo "2383"]
[BlackElo "2300"]
[PlyCount "75"]
[EventDate "2022.10.29"]
[EventType "team-tourn"]
[EventRounds "9"]
[EventCountry "DEN"]
[SourceTitle "Holdskaksystemet"]
[WhiteTeam "SK1968"]
[BlackTeam "Nordre"]

1. e4 g6 2. d4 Bg7 3. Nc3 a6 4. Nf3 d6 5. Be2 Nd7 6. a4 b6 7. O-O e6 8. Bg5 Ne7
9. Qd2 h6 10. Be3 Bb7 11. Rfe1 Nf6 12. Bd3 g5 13. e5 Nfd5 14. Nxd5 Nxd5 15. c4
Ne7 16. exd6 cxd6 17. d5 exd5 18. cxd5 O-O 19. Bc4 Nf5 20. Bd4 Nxd4 21. Nxd4
Qf6 22. Nc6 b5 23. axb5 axb5 24. Bxb5 Qxb2 25. Ne7+ Kh8 26. Qxb2 Bxb2 27. Rab1
Bc3 28. Rec1 Bf6 29. Bc6 Bxe7 30. Rxb7 Bf6 31. Rxf7 Rxf7 32. Bxa8 Bd4 33. Rf1
Ra7 34. Bc6 Ra1 35. Rxa1 Bxa1 36. g3 Kg7 37. Kg2 Bd4 38. f4 1/2-1/2